Celebración. Memoria y culto / (Registro nro. 54597)

Detalles MARC
000 -LEADER
campo de control de longitud fija 03015cam a22004454i 4500
003 - IDENTIFICADOR DE NÚMERO DE CONTROL
campo de control PE-LiUPU
005 - FECHA Y HORA DE LA ÚLTIMA TRANSACCIÓN
campo de control 20250731183437.0
008 - DATOS DE LONGITUD FIJA--INFORMACIÓN GENERAL
campo de control de longitud fija 150706s r 000 0 d
035 ## - NÚMERO DE CONTROL DEL SISTEMA
Número de control de sistema (Sirsi) a52011
040 ## - FUENTE DE CATALOGACIÓN
Centro catalogador/agencia de origen PE-LiUPU
Lengua de catalogación spa
Centro/agencia transcriptor PE-LiUPU
Normas de descripción rda
049 ## - FONDOS LOCALES (OCLC)
Biblioteca depositaria PRUA
082 04 - NÚMERO DE LA CLASIFICACIÓN DECIMAL DEWEY
Número de clasificación 720.986105
Cutter E78
Número de edición 21
245 01 - MENCIÓN DEL TÍTULO
Título Celebración. Memoria y culto /
Mención de responsabilidad, etc. editor Casa Editorial Escala S.A. ; director David Serna Cárdenas ; colaboración de Alvaro Niño. [et al.].
264 #1 - PRODUCCIÓN, PUBLICACIÓN, DISTRIBUCIÓN, FABRICACIÓN Y COPYRIGHT
Producción, publicación, distribución, fabricación y copyright Bogotá :
Nombre del de productor, editor, distribuidor, fabricante Escala,
Fecha de producción, publicación, distribución, fabricación o copyright 2009.
300 ## - DESCRIPCIÓN FÍSICA
Extensión 124 páginas :
Otras características físicas ilustraciones ;
Dimensiones 35 cm.
336 ## - TIPO DE CONTENIDO
Término de tipo de contenido text
Fuente rdacontent
337 ## - TIPO DE MEDIO
Nombre/término del tipo de medio unmediated
Fuente rdamedia
338 ## - TIPO DE SOPORTE
Nombre/término del tipo de soporte volume
Fuente rdacarrier
490 0# - MENCIÓN DE SERIE
Mención de serie Paquetes temáticos ;
Designación de volumen o secuencia 217
500 ## - NOTA GENERAL
Nota general ISSN: 0120-6702Incluye reseñas de: Libros, notas, concursos.
505 0# - NOTA DE CONTENIDO CON FORMATO
Nota de contenido con formato Premiado convivE IV -- X dl XXI -- Arquitectura Colombiana actual -- Fundación Rogelio Salmona -- Le Corbusier en Bogtá - 1947 -1951 -- Mundial de futbol sostenible -- Bienal de arquitectura de Sao Paulo -- Cultos posmodernos -- Monumentos -- Parque de la meditación. Chillán - Chile -- Plaza de la Esmeralda. Muzo - Colombia -- Casa de meditación. México D. F -- México -- Templo de la paz. Curitiba, Paraná - Brasil -- Capilla. Tatui, São Paulo - Brasil -- Mausoleo Juan y Eva Perón, San Vicente, Prov. de Bs. As -- Argentina -- Capilla Ecuménica en el Gimnasio Moderno. Bogotá - Colombia -- Crematorio. Guarne, Antioquia - Colombia -- Lugar de Oración del Cementerio. Pelarco - Chile -- Iglesia y centro comunitario San Josemaría -- Iglesia del Sagrado Corazón de Jesús. Surco, Lima -Perú -- Sede social y templo - Comunidad Amijai. Buenos Aires - Argentina -- Manantial de vida eterna. Bogotá - Colombia -- La "democratización" del monumento público. Notas latinoamericanas -- Nuevas iglesias protestantes. Un programa arquitectónico? -- Mgp arquitectura y urbanismo -- La construcción del mercado a partir del análisis de su actividad.
526 ## - NOTA DE INFORMACIÓN SOBRE EL PROGRAMA DE ESTUDIO
Nombre del programa Maestría Bim Facility Management (A distancia)
526 ## - NOTA DE INFORMACIÓN SOBRE EL PROGRAMA DE ESTUDIO
Nombre del programa
526 ## - NOTA DE INFORMACIÓN SOBRE EL PROGRAMA DE ESTUDIO
Nombre del programa Educación musical y artes
526 ## - NOTA DE INFORMACIÓN SOBRE EL PROGRAMA DE ESTUDIO
Nombre del programa Educación, especialidad educación física
526 ## - NOTA DE INFORMACIÓN SOBRE EL PROGRAMA DE ESTUDIO
Nombre del programa Arquitectura
541 ## - NOTA DE FUENTE DE ADQUISICIÓN DIRECTA
-- 004-000770;
596 ## -
-- 1
650 04 - PUNTO DE ACCESO ADICIONAL DE MATERIA--TÉRMINO DE MATERIA
Término de materia o nombre geográfico como elemento de entrada Arquitectura latinoamericana
Subdivisión de forma Publicaciones seriadas.
650 04 - PUNTO DE ACCESO ADICIONAL DE MATERIA--TÉRMINO DE MATERIA
Término de materia o nombre geográfico como elemento de entrada Arquitectura latinoamericana
Subdivisión de forma Fotografías
-- Publicaciones seriadas.
650 04 - PUNTO DE ACCESO ADICIONAL DE MATERIA--TÉRMINO DE MATERIA
Término de materia o nombre geográfico como elemento de entrada Diseño arquitectónico
Subdivisión geográfica América Latina
Subdivisión de forma Publicaciones seriadas.
650 04 - PUNTO DE ACCESO ADICIONAL DE MATERIA--TÉRMINO DE MATERIA
Término de materia o nombre geográfico como elemento de entrada Arquitectos latinoamericanos
Subdivisión de forma Publicaciones seriadas.
700 1# - ENTRADA AGREGADA--NOMBRE PERSONAL
Nombre de persona Serna Cárdenas, David,
Término indicativo de función/relación dir.
710 2# - ENTRADA AGREGADA--NOMBRE DE ENTIDAD CORPORATIVA
Nombre de entidad corporativa o nombre de jurisdicción como elemento de entrada Casa Editorial Escala S.A.
910 ## - DATOS DE OPCIÓN DEL USUARIO (OCLC)
Datos de opción del usuario fsr
-- fsr
-- 20130108
942 ## - ELEMENTOS DE ENTRADA SECUNDARIOS (KOHA)
Fuente del sistema de clasificación o colocación Clasificación Decimal Dewey
Tipo de ítem Koha
949 ## - PROCESAMIENTO DE INFORMACIÓN LOCAL (OCLC)
a 720.986105 E78 217
w DEWEY
c 1
i 66335
l CCODEBUL1
m BUL
p 31.00
r 0
s Y
t LIBRO
u 2015-07-06
x INGENIERIA
-- P06
o .STAFF. Colección General
994 ## -
-- C0
-- PEPRU
999 ## - NÚMEROS DE CONTROL DE SISTEMA (KOHA)
-- DEWEY
-- 66335
-- 2017-10-19
-- 2021-11-9
-- 4
-- CCODEBUL1
-- BUL
-- 3
-- 31.00
-- 0
-- Y
-- BOOK
-- 2015-7-6
-- INGENIERIA
-- P06
-- COMPRA
-- .STAFF. Colección General
980 ## - EQUIVALENCIA O REFERENCIA-CRUZADA-MENCIÓN DE SERIE--NOMBRE DE PERSONA/TÍTULO [LOCAL, CANADÁ]
ID del último usuario que modificó el registro 1
Nombre del último usuario que modificó el registro ALBERTO SANCHEZ Responsable de Automatización
Existencias
Visto por última vez Número de inventario Total de préstamos Signatura topográfica completa Código de barras Fecha del último préstamo Copia número Coste, precio de reemplazo Fecha de reemplazo Facultad Tipo de ítem Koha Nota pública Estado de pérdida Fuente del sistema de clasificación o colocación Restricciones de uso No para préstamo Colección Programa académico Biblioteca de origen Biblioteca actual Ubicación en estantería Fecha de adquisición Fuente de adquisición Coste, precio normal de compra
2025-12-02 5 3 720.986105 E78 217 66335 2017-10-19 e1 36.00 2015-07-06 FIA Libros físicos inventario-2023-12-13 No Perdido Clasificación Decimal Dewey No restringido Disponible para préstamos Colección General Arquitectura Biblioteca CRAI UPeU Lima Biblioteca CRAI UPeU Lima Estante de Libros Grandes 2015-07-06 COMPRA 31.00